Report of the Major Research Project on Technology and Women : (Record no. 39591)
[ view plain ]
| 000 -LEADER | |
|---|---|
| fixed length control field | 00457nam a22001097a 4500 |
| 082 ## - DEWEY DECIMAL CLASSIFICATION NUMBER | |
| Classification number | RQ.0009 |
| 100 ## - MAIN ENTRY--AUTHOR NAME | |
| Personal name | Somashekharappa, C.A. |
| Affiliation | Karnatak University |
| Place | Dharwad |
| 245 ## - TITLE STATEMENT | |
| Title | Report of the Major Research Project on Technology and Women : |
| Sub Title | A Sociological study of the impact of Bio-Gas Project on Women in Karnataka/ |
| Statement of responsibility, etc | C.A, Somashekharappa |
| 260 ## - PUBLICATION, DISTRIBUTION, ETC. (IMPRINT) | |
| Place of publication | Karnatak: |
| Name of publisher/Sponsor | Indian Council of Social Science Research, |
| Year of publication | 2002 |
| 300 ## - PHYSICAL DESCRIPTION | |
| Number of Pages | viii,186p. |
| 942 ## - ADDED ENTRY ELEMENTS (KOHA) | |
| Source of classification or shelving scheme | Dewey Decimal Classification |
| Koha item type | Research Reports |
| Withdrawn status | Lost status | Damaged status | Not for loan | Collection code | Home library | Current library | Date acquired | Full call number | Accession Number | Price effective from | Koha item type |
|---|---|---|---|---|---|---|---|---|---|---|---|
| Not For Loan | Major Research Project Reports | NASSDOC Library | NASSDOC Library | 27/04/2024 | RQ.0009 | 53855 | 27/04/2024 | Research Reports |
